| 000 | 00383cam a2200145ua 4500 | ||
|---|---|---|---|
| 003 | OSt | ||
| 008 | 231114b |||||||| |||| 00| 0 eng d | ||
| 041 | _aeng | ||
| 082 |
_a823.301 _bSKE/CH |
||
| 100 |
_aSkeat, Walter W . _95604 |
||
| 245 | 0 | 0 | _aChaucer: The prologue to the canterbury tales / |
| 260 |
_aLondon : _bOxford University Press , _c1890. |
||
| 300 | _a96 ; . | ||
| 942 | _cBK | ||
| 999 |
_c6956 _d6956 |
||